[Event "FICGS W-ch st1 gN 03 email"]
[Site "FICGS email"]
[Date "2012.01.01"]
[Round "1"]
[White "Fraczek, Dariusz"]
[Black "Kal, Izzak"]
[Result "1-0"]
[WhiteElo "2261"]
[BlackElo "2160"]
[PlyCount "113"]
[EventDate "2012.??.??"]
[EventType "tourn (corr)"]
[EventRounds "6"]
[SourceTitle "Corr 2022"]
[Source "ChessBase"]
[SourceDate "2021.10.24"]
[SourceVersion "1"]
[SourceVersionDate "2021.10.24"]
[SourceQuality "1"]

1. e4 c5 2. Nf3 d6 3. d4 cxd4 4. Nxd4 Nf6 5. Nc3 a6 6. Be2 e5 7. Nb3 Be7 8. 0-0 0-0 9. Be3 Be6 10. Qd2 Nbd7 11. a4 Rc8 12. a5 Qc7 13. Rfc1 Rfe8 14. Nd5 Nxd5 15. exd5 Bf5 16. Ra4 Bg6 17. Rc4 Qd8 18. Rxc8 Qxc8 19. c4 Qb8 20. Bd3 e4 21. Be2 h6 22. Bf4 Bf8 23. h3 Qd8 24. Qc3 Qc8 25. Be3 Qd8 26. Nd2 Ne5 27. b4 f5 28. f4 exf3 29. Nxf3 Bh5 30. Bb6 Qf6 31. c5 Bxf3 32. Bxf3 Nxf3+ 33. Qxf3 Qd4+ 34. Kh1 Qd2 35. Rf1 Qxb4 36. Qxf5 Qe4 37. Qf7+ Kh7 38. Rf4 Qe1+ 39. Kh2 Qe5 40. c6 bxc6 41. dxc6 d5 42. Bd4 Qg5 43. h4 Qg6 44. Qxg6+ Kxg6 45. Kh3 h5 46. g4 Rc8 47. Be5 Be7 48. gxh5+ Kxh5 49. c7 Bf6 50. Bd6 d4 51. Rf3 Kg6 52. Rb3 Bd8 53. Rb8 Rxc7 54. Rxd8 Rc4 55. Be5 Rc5 56. Bxd4 Rxa5 57. Rd7 1-0

[Event "FICGS W-ch st1 gN 03 email"]
[Site "FICGS email"]
[Date "2012.01.01"]
[Round "1"]
[White "Kal, Izzak"]
[Black "Unger, Peter"]
[Result "1/2-1/2"]
[WhiteElo "2160"]
[BlackElo "2181"]
[PlyCount "56"]
[EventDate "2012.??.??"]
[EventType "tourn (corr)"]
[EventRounds "6"]
[SourceTitle "Corr 2022"]
[Source "ChessBase"]
[SourceDate "2021.10.24"]
[SourceVersion "1"]
[SourceVersionDate "2021.10.24"]
[SourceQuality "1"]

1. e4 c5 2. Nf3 d6 3. d4 cxd4 4. Nxd4 Nf6 5. Nc3 a6 6. Be2 e5 7. Nb3 Be7 8. 0-0 0-0 9. Be3 Be6 10. Qd2 Nbd7 11. a4 Nb6 12. a5 Nc4 13. Bxc4 Bxc4 14. Rfd1 Rc8 15. Nc1 d5 16. Bb6 Qe8 17. exd5 Bb4 18. d6 Qd7 19. Nd3 Bxd6 20. Nxe5 Bxe5 21. Qxd7 Nxd7 22. Rxd7 Bxc3 23. bxc3 Bb5 24. Rxb7 Rxc3 25. Ra2 Rfc8 26. h3 h6 27. Rb2 Ba4 28. Rb4 Bxc2 1/2-1/2

[Event "FICGS rapid M 000046 email"]
[Site "FICGS email"]
[Date "2011.08.31"]
[Round "1"]
[White "Alcala, Alvin"]
[Black "Kal, Izzak"]
[Result "1/2-1/2"]
[WhiteElo "2235"]
[BlackElo "2200"]
[PlyCount "72"]
[EventDate "2011.??.??"]
[EventType "tourn (rapid)"]
[EventRounds "6"]
[SourceTitle "Corr 2013"]
[Source "ChessBase"]
[SourceDate "2012.11.12"]
[SourceVersion "1"]
[SourceVersionDate "2012.11.12"]
[SourceQuality "1"]

1. e4 e5 2. f4 exf4 3. Bc4 Qh4+ 4. Kf1 d6 5. Nf3 Qf6 6. d4 Be6 7. Bd3 g5 8. Nc3 g4 9. Ng1 Ne7 10. d5 Bd7 11. h3 h5 12. hxg4 Bxg4 13. Be2 Nd7 14. Bxg4 hxg4 15. Rxh8 Qxh8 16. Qxg4 Bg7 17. Bd2 0-0-0 18. Qh3 Be5 19. Qxh8 Rxh8 20. Re1 f5 21. Nge2 Nf6 22. exf5 Rh4 23. Kf2 Nxf5 24. a3 a6 25. Kf3 Rg4 26. Kf2 b5 27. Rh1 Kd7 28. b3 Nh4 29. Bxf4 Rxg2+ 30. Kf1 Rg4 31. Bxe5 dxe5 32. Rh3 e4 33. Rg3 Nf5 34. Rxg4 Ne3+ 35. Ke1 Nexg4 36. Ng3 Kd6 1/2-1/2

[Event "FICGS rapid M 000046 email"]
[Site "FICGS email"]
[Date "2011.08.31"]
[Round "1"]
[White "Bernal Varela, Nelson"]
[Black "Kal, Izzak"]
[Result "1/2-1/2"]
[WhiteElo "2206"]
[BlackElo "2200"]
[PlyCount "80"]
[EventDate "2011.??.??"]
[EventType "tourn (rapid)"]
[EventRounds "6"]
[SourceTitle "Corr 2013"]
[Source "ChessBase"]
[SourceDate "2012.11.12"]
[SourceVersion "1"]
[SourceVersionDate "2012.11.12"]
[SourceQuality "1"]

1. e4 e5 2. Nf3 Nc6 3. Bb5 a6 4. Ba4 Nf6 5. 0-0 d6 6. c3 Be7 7. d4 b5 8. Bc2 0-0 9. h3 Bb7 10. a3 Re8 11. Be3 Nb8 12. Nbd2 Nbd7 13. a4 Bf8 14. Qb1 h6 15. Re1 Nb6 16. b3 bxa4 17. bxa4 Rb8 18. a5 Nbd7 19. Qa2 exd4 20. cxd4 Nxe4 21. Nxe4 Bxe4 22. Bg5 hxg5 23. Rxe4 Rxe4 24. Bxe4 Nf6 25. Bd3 d5 26. Bxa6 c5 27. Bf1 c4 28. a6 Ra8 29. a7 Qc7 30. Qa5 Bd6 31. g3 Qxa5 32. Rxa5 Bc7 33. Ra6 Nd7 34. Bg2 Bb6 35. Nxg5 Rxa7 36. Rxa7 Bxa7 37. Bxd5 c3 38. Bxf7+ Kf8 39. Bb3 Ke7 40. Kf1 Bxd4 1/2-1/2

[Event "FICGS rapid M 000046 email"]
[Site "FICGS email"]
[Date "2011.08.31"]
[Round "1"]
[White "Gray, Garvin"]
[Black "Kal, Izzak"]
[Result "1-0"]
[WhiteElo "2128"]
[BlackElo "2200"]
[PlyCount "49"]
[EventDate "2011.??.??"]
[EventType "tourn (rapid)"]
[EventRounds "6"]
[SourceTitle "Corr 2013"]
[Source "ChessBase"]
[SourceDate "2012.11.12"]
[SourceVersion "1"]
[SourceVersionDate "2012.11.12"]
[SourceQuality "1"]

1. e4 e5 2. Nf3 Nc6 3. Bc4 Bc5 4. b4 Bxb4 5. c3 Ba5 6. d4 exd4 7. 0-0 Nf6 8. e5 d5 9. exf6 dxc4 10. fxg7 Rg8 11. Re1+ Be6 12. Bg5 Qd5 13. Nbd2 Rxg7 14. Ne4 Kf8 15. Bh6 Bg4 16. h3 f5 17. Nf6 Bxf3 18. Qb1 Kf7 19. Bxg7 Qc5 20. Qc1 Bxc3 21. Qh6 Bxe1 22. Rxe1 Qa5 23. Rb1 Qxa2 24. Rf1 c3 25. Qxh7 1-0

[Event "FICGS rapid M 000046 email"]
[Site "FICGS email"]
[Date "2011.08.31"]
[Round "1"]
[White "Kal, Izzak"]
[Black "Clement, George"]
[Result "1/2-1/2"]
[WhiteElo "2200"]
[BlackElo "2276"]
[PlyCount "106"]
[EventDate "2011.??.??"]
[EventType "tourn (rapid)"]
[EventRounds "6"]
[SourceTitle "Corr 2013"]
[Source "ChessBase"]
[SourceDate "2012.11.12"]
[SourceVersion "1"]
[SourceVersionDate "2012.11.12"]
[SourceQuality "1"]

1. e4 Nc6 2. d4 d5 3. Nc3 dxe4 4. d5 Ne5 5. Qd4 Ng6 6. Qxe4 Nf6 7. Qa4+ Bd7 8. Bb5 a6 9. Bxd7+ Qxd7 10. Qxd7+ Nxd7 11. Nf3 Rc8 12. Be3 c6 13. dxc6 Rxc6 14. 0-0-0 e6 15. Ne4 Be7 16. g3 f5 17. Ned2 e5 18. h4 h5 19. Nb3 b6 20. Rhe1 Rd6 21. Rxd6 Bxd6 22. a3 Be7 23. Bg5 Rf8 24. Kb1 e4 25. Bxe7 Kxe7 26. Nbd4 Nge5 27. Ng5 g6 28. Nde6 Rb8 29. Nf4 Kd6 30. Rd1+ Kc6 31. Nd5 Kb7 32. b3 Ng4 33. f3 exf3 34. Nxf3 Nf2 35. Rd4 Re8 36. Rc4 Ne5 37. Rc7+ Kb8 38. Nxe5 Rxe5 39. Rd7 b5 40. Nf4 Re1+ 41. Ka2 Rc1 42. Kb2 Rg1 43. Rg7 Nd1+ 44. Kc1 Nc3+ 45. Kd2 Nb1+ 46. Ke2 Rxg3 47. Rxg6 Rxg6 48. Nxg6 Nxa3 49. Kd3 a5 50. Nf4 a4 51. Nxh5 Nb1 52. bxa4 bxa4 53. c3 a3 1/2-1/2

[Event "FICGS W-ch st1 gN 01 email"]
[Site "FICGS email"]
[Date "2011.04.01"]
[Round "1"]
[White "Fric, Lubos"]
[Black "Kal, Izzak"]
[Result "1-0"]
[WhiteElo "2214"]
[BlackElo "2169"]
[PlyCount "125"]
[EventDate "2011.??.??"]
[EventType "tourn (corr)"]
[EventRounds "6"]
[SourceTitle "Corr 2013"]
[Source "ChessBase"]
[SourceDate "2012.11.12"]
[SourceVersion "1"]
[SourceVersionDate "2012.11.12"]
[SourceQuality "1"]

1. d4 Nf6 2. c4 e6 3. Nf3 b6 4. g3 Ba6 5. b3 Bb7 6. Bg2 Bb4+ 7. Bd2 a5 8. 0-0 0-0 9. Qc2 d6 10. Bc3 Nbd7 11. a3 Bxc3 12. Nxc3 c6 13. e4 e5 14. Rad1 Qe7 15. Rfe1 Rfd8 16. Qc1 h6 17. Qe3 Ng4 18. Qd2 Ngf6 19. Re3 Nf8 20. Rd3 Ne6 21. Bh3 exd4 22. Nxd4 Nxd4 23. Rxd4 a4 24. bxa4 Qe5 25. Bg2 Ba6 26. f4 Qc5 27. Kh1 Rf8 28. Rc1 Ne8 29. Nb5 cxb5 30. cxb5 Qxa3 31. bxa6 Rxa6 32. Qd1 Ra5 33. Ra1 Qc5 34. Rb1 Nf6 35. h3 Qa3 36. Rb3 Qc5 37. Kh2 h5 38. Rbd3 h4 39. g4 Ne8 40. Qd2 Qc7 41. Qe1 Qa7 42. Qxh4 Rxa4 43. Rd5 Ra5 44. g5 Ra2 45. f5 Qc7 46. Qg3 g6 47. h4 b5 48. h5 gxh5 49. Qh4 Qc1 50. Qxh5 Qf4+ 51. Rg3 Ra3 52. Bf3 Ng7 53. Qg4 Qxg4 54. Bxg4 Rxg3 55. Kxg3 Rb8 56. Bd1 b4 57. Bb3 Rc8 58. Kf4 Rc3 59. Bd1 Ne8 60. Rb5 Kg7 61. Rb8 Rc1 62. Bb3 Rb1 63. Rxe8 1-0

[Event "FICGS rapid M 000037 email"]
[Site "FICGS email"]
[Date "2010.11.24"]
[Round "1"]
[White "Kal, Izzak"]
[Black "Nichols, Scott"]
[Result "1-0"]
[WhiteElo "2153"]
[BlackElo "2202"]
[PlyCount "137"]
[EventDate "2010.??.??"]
[EventType "tourn (rapid)"]
[EventRounds "6"]
[SourceTitle "Corr 2013"]
[Source "ChessBase"]
[SourceDate "2012.11.12"]
[SourceVersion "1"]
[SourceVersionDate "2012.11.12"]
[SourceQuality "1"]

1. e4 e5 2. Nf3 Nc6 3. Bb5 a6 4. Ba4 Nf6 5. 0-0 Be7 6. Re1 b5 7. Bb3 d6 8. c3 0-0 9. h3 Na5 10. Bc2 c5 11. d4 exd4 12. cxd4 Bb7 13. Nc3 Re8 14. b3 cxd4 15. Nxd4 Rc8 16. Bb2 Nc6 17. Nxc6 Bxc6 18. a4 bxa4 19. bxa4 Bf8 20. Qd4 Nd7 21. Bd3 Rb8 22. Rab1 Nc5 23. Ba3 Qa5 24. Bc2 Ne6 25. Qc4 Bd7 26. Nd5 Rec8 27. Qd3 Rxb1 28. Rxb1 Bxa4 29. Bxa4 Qxa4 30. Rb4 Qa5 31. Qg3 h6 32. Bb2 Qd8 33. Bf6 Rc1+ 34. Kh2 Qc8 35. Bc3 Rc2 36. f4 Kh7 37. Qd3 Rf2 38. e5+ Kh8 39. exd6 Qd8 40. Kg1 Ra2 41. Rc4 Bxd6 42. Qb1 Ra3 43. Qb7 Bc5+ 44. Kh1 Qe8 45. Rxc5 Nxc5 46. Bxg7+ Kxg7 47. Qb2+ f6 48. Qxa3 Qc6 49. Ne7 Qc7 50. Nf5+ Kg6 51. Nh4+ Kg7 52. Qf3 a5 53. Qd5 a4 54. Nf5+ Kh7 55. Nd6 a3 56. Qf5+ Kh8 57. Nb5 Qe7 58. Nxa3 Qe1+ 59. Kh2 Ne4 60. Qc8+ Kg7 61. Qg4+ Kf8 62. Nc4 h5 63. Qf3 h4 64. Qa3+ Kf7 65. Qe3 Qxe3 66. Nxe3 Ng3 67. Kg1 f5 68. Kf2 Ke8 69. Nc4 1-0

[Event "FICGS rapid M 000030 email"]
[Site "FICGS email"]
[Date "2010.07.01"]
[Round "1"]
[White "Kal, Izzak"]
[Black "Helmer, Janos"]
[Result "1/2-1/2"]
[WhiteElo "2134"]
[BlackElo "2108"]
[PlyCount "137"]
[EventDate "2010.??.??"]
[EventType "tourn (rapid)"]
[EventRounds "6"]
[SourceTitle "Corr 2013"]
[Source "ChessBase"]
[SourceDate "2012.11.12"]
[SourceVersion "1"]
[SourceVersionDate "2012.11.12"]
[SourceQuality "1"]

1. e4 c5 2. Nf3 d6 3. d4 cxd4 4. Nxd4 Nf6 5. Nc3 a6 6. Bc4 e6 7. 0-0 Be7 8. Qf3 Qc7 9. Bb3 0-0 10. a4 Nc6 11. Nxc6 bxc6 12. Qg3 Rb8 13. Bh6 Ne8 14. a5 d5 15. Qxc7 Nxc7 16. Bf4 Rb7 17. Be3 Rb4 18. Ra4 Bd7 19. Bb6 Na8 20. Rxb4 Bxb4 21. Na2 Bd6 22. Ba7 Rd8 23. f3 Nc7 24. Rd1 Be8 25. Bb6 Rb8 26. Nc3 Na8 27. Ba7 Rb7 28. Bf2 Nc7 29. g4 Kf8 30. Kg2 Ke7 31. Na4 Rb8 32. Nb6 f6 33. c3 h5 34. h3 Rd8 35. Ba4 hxg4 36. hxg4 Rb8 37. Be3 Na8 38. b4 Nc7 39. Kf2 Kf8 40. g5 Rd8 41. gxf6 gxf6 42. Rg1 Kf7 43. Bh6 Bf8 44. Bxf8 Kxf8 45. Ke3 e5 46. Rd1 Ke7 47. Rh1 d4+ 48. Kd3 dxc3+ 49. Kxc3 Rd4 50. Rh7+ Kd8 51. Rh8 Ke7 52. Nc4 Bd7 53. Ne3 Rd6 54. Nf5+ Bxf5 55. exf5 Nd5+ 56. Kc4 Ne3+ 57. Kc5 Rd4 58. Rh7+ Kd8 59. Bb3 Nxf5 60. Bc4 e4 61. fxe4 Rxe4 62. Bxa6 Ne7 63. Bc4 Kc7 64. Rf7 f5 65. Bd3 Re5+ 66. Kd4 Rd5+ 67. Kc4 Re5 68. Rh7 Kd6 69. Kd4 1/2-1/2

[Event "FICGS rapid M 000030 email"]
[Site "FICGS email"]
[Date "2010.07.01"]
[Round "1"]
[White "Unger, Peter"]
[Black "Kal, Izzak"]
[Result "1-0"]
[WhiteElo "2158"]
[BlackElo "2134"]
[PlyCount "39"]
[EventDate "2010.??.??"]
[EventType "tourn (rapid)"]
[EventRounds "6"]
[SourceTitle "Corr 2013"]
[Source "ChessBase"]
[SourceDate "2012.11.12"]
[SourceVersion "1"]
[SourceVersionDate "2012.11.12"]
[SourceQuality "1"]

1. d4 d5 2. Nf3 Nf6 3. c4 e6 4. Nc3 Be7 5. Bg5 h6 6. Bh4 0-0 7. e3 b6 8. Rc1 Bb7 9. Be2 Nbd7 10. cxd5 exd5 11. 0-0 c5 12. Qa4 a6 13. dxc5 bxc5 14. Rfd1 Qb6 15. Qc2 Rac8 16. Bd3 d4 17. Na4 Qb4 18. Bf5 g6 19. Bxd7 Bxf3 20. gxf3 1-0

[Event "FICGS rapid M 000024 email"]
[Site "FICGS email"]
[Date "2010.01.20"]
[Round "1"]
[White "Koch, Christian"]
[Black "Kal, Izzak"]
[Result "1-0"]
[WhiteElo "2180"]
[BlackElo "2118"]
[PlyCount "107"]
[EventDate "2010.??.??"]
[EventType "tourn (rapid)"]
[EventRounds "6"]
[SourceTitle "Corr 2013"]
[Source "ChessBase"]
[SourceDate "2012.11.12"]
[SourceVersion "1"]
[SourceVersionDate "2012.11.12"]
[SourceQuality "1"]

1. d4 Nf6 2. c4 g6 3. Nc3 Bg7 4. e4 d6 5. Nf3 0-0 6. Be2 e5 7. 0-0 Nc6 8. d5 Ne7 9. b4 a5 10. Ba3 axb4 11. Bxb4 Nd7 12. a4 Bh6 13. a5 f5 14. Bd3 Kh8 15. Re1 c5 16. dxc6 Nxc6 17. Bxd6 Rf6 18. Nb5 Rxa5 19. exf5 gxf5 20. Bc7 Rxa1 21. Qxa1 Qg8 22. Nxe5 Ndxe5 23. Bxe5 Nxe5 24. Qxe5 Bg7 25. Qe7 Qf8 26. Na7 b6 27. Qxf8+ Rxf8 28. Nxc8 Rxc8 29. Bxf5 Ra8 30. g3 Ra1 31. Bb1 Kg8 32. Kg2 Bc3 33. Rc1 Bf6 34. Rd1 Kf7 35. f4 h6 36. Kf3 Ke7 37. Kg4 Ra4 38. Re1+ Kf7 39. Be4 Kg7 40. Bd5 Ra2 41. h4 Rd2 42. Re6 b5 43. Rc6 bxc4 44. Bxc4 Be7 45. Rc7 Kf8 46. Kh5 Ke8 47. Kxh6 Bd6 48. Bb5+ Kf8 49. Rg7 Rg2 50. Kh7 Rb2 51. Rg5 Rc2 52. Rg8+ Kf7 53. Rg7+ Kf8 54. Kg6 1-0

[Event "FICGS rapid M 000022 email"]
[Site "FICGS email"]
[Date "2009.11.07"]
[Round "1"]
[White "Kal, Izzak"]
[Black "Domingo Gadea, Jordi"]
[Result "1-0"]
[WhiteElo "2103"]
[BlackElo "2130"]
[PlyCount "93"]
[EventDate "2009.??.??"]
[EventType "tourn (rapid)"]
[EventRounds "6"]
[SourceTitle "Corr 2022"]
[Source "ChessBase"]
[SourceDate "2021.10.24"]
[SourceVersion "1"]
[SourceVersionDate "2021.10.24"]
[SourceQuality "1"]

1. e4 e5 2. Nf3 f5 3. Nxe5 Qf6 4. Nc4 fxe4 5. Nc3 Qg6 6. d3 Bb4 7. Bd2 Nf6 8. Nxe4 Bxd2+ 9. Qxd2 d5 10. Nxf6+ Qxf6 11. Qe3+ Be6 12. Ne5 0-0 13. d4 Nc6 14. Bd3 Bf5 15. 0-0 Bxd3 16. cxd3 Qd6 17. a3 Ne7 18. f4 Nf5 19. Qf2 h5 20. g3 Rae8 21. Rfe1 c6 22. Nf3 Nh6 23. Rxe8 Rxe8 24. Re1 Qg6 25. Qd2 Nf5 26. Kg2 a6 27. a4 Rf8 28. Qb4 Qf7 29. Ng5 Qd7 30. Re5 b5 31. axb5 axb5 32. Re6 Re8 33. Qe1 Rxe6 34. Nxe6 Qe7 35. Qe5 g6 36. Ng5 Qxe5 37. dxe5 Nd4 38. Nf3 Nf5 39. Nh4 Ne7 40. d4 Kf7 41. Kf3 Ke6 42. g4 hxg4+ 43. Kxg4 Kf7 44. f5 gxf5+ 45. Nxf5 Ng6 46. Nd6+ Ke6 47. h4 1-0

[Event "FICGS rapid A 000069 email"]
[Site "FICGS email"]
[Date "2009.09.17"]
[Round "1"]
[White "De Waele, Willy"]
[Black "Kal, Izzak"]
[Result "1/2-1/2"]
[WhiteElo "1909"]
[BlackElo "2081"]
[PlyCount "62"]
[EventDate "2009.??.??"]
[EventType "tourn (rapid)"]
[EventRounds "6"]
[SourceTitle "Corr 2022"]
[Source "ChessBase"]
[SourceDate "2021.10.24"]
[SourceVersion "1"]
[SourceVersionDate "2021.10.24"]
[SourceQuality "1"]

1. e4 c5 2. Nf3 Nc6 3. d4 cxd4 4. Nxd4 Nf6 5. Nc3 d6 6. Bg5 e6 7. Qd2 a6 8. 0-0-0 h6 9. Nxc6 bxc6 10. Bf4 d5 11. Qe3 Be7 12. Be2 0-0 13. Qg3 Kh8 14. Rhe1 a5 15. Bc7 Qd7 16. exd5 Nxd5 17. Bf4 Qb7 18. Bd6 Bxd6 19. Qxd6 Kg8 20. Ne4 Rb8 21. Qa3 Qc7 22. g3 Rd8 23. c4 e5 24. cxd5 cxd5+ 25. Qc3 Qb6 26. Qb3 Qc7+ 27. Qc3 Qe7 28. Nc5 Bf5 29. Ba6 d4 30. Qa3 Rd5 31. Ne4 Qxa3 1/2-1/2

[Event "FICGS rapid A 000069 email"]
[Site "FICGS email"]
[Date "2009.09.17"]
[Round "1"]
[White "Kal, Izzak"]
[Black "Golub, Sergey"]
[Result "1-0"]
[WhiteElo "2081"]
[BlackElo "2000"]
[PlyCount "69"]
[EventDate "2009.??.??"]
[EventType "tourn (rapid)"]
[EventRounds "6"]
[SourceTitle "Corr 2022"]
[Source "ChessBase"]
[SourceDate "2021.10.24"]
[SourceVersion "1"]
[SourceVersionDate "2021.10.24"]
[SourceQuality "1"]

1. e4 e6 2. d4 d5 3. Nc3 Bb4 4. e5 c5 5. a3 Bxc3+ 6. bxc3 Ne7 7. Qg4 Qc7 8. Qxg7 Rg8 9. Qxh7 cxd4 10. Ne2 Nbc6 11. f4 dxc3 12. h4 Bd7 13. Qd3 0-0-0 14. Qxc3 Nf5 15. h5 d4 16. Qc4 Kb8 17. Rb1 Qa5+ 18. Bd2 Qxa3 19. Rh3 Ne3 20. Bxe3 dxe3 21. h6 Rg6 22. Qc3 Qa4 23. Qxe3 Qxc2 24. Rd1 Rgg8 25. Nc3 Rh8 26. Qd3 Qxd3 27. Rhxd3 Kc8 28. Nb5 Be8 29. Nxa7+ Kc7 30. Nb5+ Kc8 31. g4 Rxh6 32. Rxd8+ Nxd8 33. Nd6+ Kb8 34. Nxe8 Nc6 35. Rd7 1-0

[Event "FICGS rapid A 000069 email"]
[Site "FICGS email"]
[Date "2009.09.17"]
[Round "1"]
[White "Konig, Paul"]
[Black "Kal, Izzak"]
[Result "1/2-1/2"]
[WhiteElo "1906"]
[BlackElo "2081"]
[PlyCount "33"]
[EventDate "2009.??.??"]
[EventType "tourn (rapid)"]
[EventRounds "6"]
[SourceTitle "Corr 2022"]
[Source "ChessBase"]
[SourceDate "2021.10.24"]
[SourceVersion "1"]
[SourceVersionDate "2021.10.24"]
[SourceQuality "1"]

1. d4 Nf6 2. c4 g6 3. Nc3 Bg7 4. e4 d6 5. Nf3 0-0 6. Be2 e5 7. dxe5 dxe5 8. 0-0 Nc6 9. Bg5 Qxd1 10. Rfxd1 Bg4 11. Rd2 Nd4 12. Nxd4 exd4 13. Bxf6 dxc3 14. Bxc3 Bxc3 15. bxc3 Bxe2 16. Rxe2 Rfd8 17. c5 1/2-1/2

[Event "FICGS rapid A 000066 email"]
[Site "FICGS email"]
[Date "2009.07.28"]
[Round "1"]
[White "Kal, Izzak"]
[Black "Soszynski, Marek J"]
[Result "1-0"]
[WhiteElo "1946"]
[BlackElo "2009"]
[PlyCount "77"]
[EventDate "2009.??.??"]
[EventType "tourn (rapid)"]
[EventRounds "6"]
[SourceTitle "Corr 2022"]
[Source "ChessBase"]
[SourceDate "2021.10.24"]
[SourceVersion "1"]
[SourceVersionDate "2021.10.24"]
[SourceQuality "1"]

1. e4 e5 2. Nf3 Nc6 3. Bb5 Nf6 4. 0-0 Nxe4 5. d4 Nd6 6. Bxc6 dxc6 7. dxe5 Nf5 8. Qxd8+ Kxd8 9. Nc3 Ne7 10. h3 h6 11. Be3 Bf5 12. Rad1+ Kc8 13. Nd4 Bg6 14. e6 c5 15. Ndb5 a6 16. Rd7 axb5 17. Rfd1 Nc6 18. Bf4 Bd6 19. Bxd6 cxd6 20. Nxb5 Kb8 21. Nxd6 Ra7 22. e7 Nxe7 23. Rxe7 Rxa2 24. Rxb7+ Ka8 25. c4 Rd8 26. Re7 Ra6 27. Re8 Rxe8 28. Nxe8 Kb7 29. Nxg7 Rf6 30. Ne8 Re6 31. Nd6+ Kc6 32. Nb5 Kb6 33. g4 h5 34. f4 hxg4 35. hxg4 Re4 36. Rd6+ Ka5 37. Rf6 Rxc4 38. Nd6 Rb4 39. Nxf7 1-0

[Event "FICGS rapid A 000066 email"]
[Site "FICGS email"]
[Date "2009.07.28"]
[Round "1"]
[White "Riha, Josef"]
[Black "Kal, Izzak"]
[Result "1/2-1/2"]
[WhiteElo "1983"]
[BlackElo "1946"]
[PlyCount "36"]
[EventDate "2009.??.??"]
[EventType "tourn (rapid)"]
[EventRounds "6"]
[SourceTitle "Corr 2022"]
[Source "ChessBase"]
[SourceDate "2021.10.24"]
[SourceVersion "1"]
[SourceVersionDate "2021.10.24"]
[SourceQuality "1"]

1. d4 Nf6 2. Nf3 g6 3. c3 Bg7 4. Bg5 0-0 5. Nbd2 d6 6. e3 c5 7. Bc4 Qc7 8. 0-0 Nbd7 9. h3 b6 10. Qc2 Bb7 11. a4 d5 12. Bb5 Bc6 13. Rfd1 a6 14. Be2 Rfd8 15. Qb3 Qb7 16. Bf4 Rac8 17. Qa2 a5 18. Rac1 Ne8 1/2-1/2

[Event "FICGS rapid A 000064 email"]
[Site "FICGS email"]
[Date "2009.05.28"]
[Round "1"]
[White "Kal, Izzak"]
[Black "Timkin, Nikolay"]
[Result "1-0"]
[WhiteElo "1936"]
[BlackElo "1908"]
[PlyCount "89"]
[EventDate "2009.??.??"]
[EventType "tourn (rapid)"]
[EventRounds "6"]
[SourceTitle "Corr 2022"]
[Source "ChessBase"]
[SourceDate "2021.10.24"]
[SourceVersion "1"]
[SourceVersionDate "2021.10.24"]
[SourceQuality "1"]

1. e4 e5 2. Nf3 Nc6 3. Bb5 a6 4. Ba4 d6 5. 0-0 Bd7 6. c3 Nge7 7. d4 Ng6 8. Nbd2 Be7 9. d5 Nb8 10. Bxd7+ Nxd7 11. Nc4 0-0 12. Qc2 Nh4 13. Nxh4 Bxh4 14. Na5 Rb8 15. c4 h6 16. b4 Qf6 17. c5 Qg6 18. f3 Nf6 19. Rd1 Nh5 20. Rb1 Bg5 21. Nc4 Bxc1 22. Rdxc1 Nf4 23. g3 Rfd8 24. b5 axb5 25. Rxb5 Qg5 26. Rcb1 dxc5 27. Rxb7 Rxb7 28. Rxb7 Rc8 29. a4 h5 30. Kf1 Nh3 31. Qd2 Qf6 32. Kg2 Ng5 33. Qe3 Qa6 34. Qb3 f6 35. Rb5 Rd8 36. h4 Nf7 37. Ra5 Qc8 38. Rxc5 Qd7 39. a5 f5 40. Nxe5 Nxe5 41. d6+ Nf7 42. Rxc7 Qe8 43. Re7 Qf8 44. e5 g6 45. a6 1-0

[Event "FICGS rapid A 000064 email"]
[Site "FICGS email"]
[Date "2009.05.28"]
[Round "1"]
[White "Skwarczylo, Marek"]
[Black "Kal, Izzak"]
[Result "1/2-1/2"]
[WhiteElo "1979"]
[BlackElo "1936"]
[PlyCount "53"]
[EventDate "2009.??.??"]
[EventType "tourn (rapid)"]
[EventRounds "6"]
[SourceTitle "Corr 2022"]
[Source "ChessBase"]
[SourceDate "2021.10.24"]
[SourceVersion "1"]
[SourceVersionDate "2021.10.24"]
[SourceQuality "1"]

1. d4 Nf6 2. Nf3 e6 3. c4 d5 4. Nc3 Be7 5. Bf4 0-0 6. e3 c5 7. dxc5 Bxc5 8. cxd5 exd5 9. Be2 Nc6 10. 0-0 Be6 11. Rc1 Rc8 12. a3 a6 13. Na4 Ba7 14. Nc5 Bxc5 15. Rxc5 Ne4 16. Rc1 Qf6 17. Nd4 g5 18. Nxc6 Rxc6 19. Rxc6 bxc6 20. f3 gxf4 21. fxe4 Qxb2 22. Rxf4 Qxa3 23. Qd4 c5 24. Qf6 Qxe3+ 25. Kf1 Qc1+ 26. Kf2 dxe4 27. Qg5+ 1/2-1/2

[Event "FICGS rapid A 000064 email"]
[Site "FICGS email"]
[Date "2009.05.28"]
[Round "1"]
[White "Soszynski, Marek J"]
[Black "Kal, Izzak"]
[Result "1/2-1/2"]
[WhiteElo "1979"]
[BlackElo "1936"]
[PlyCount "111"]
[EventDate "2009.??.??"]
[EventType "tourn (rapid)"]
[EventRounds "6"]
[SourceTitle "Corr 2022"]
[Source "ChessBase"]
[SourceDate "2021.10.24"]
[SourceVersion "1"]
[SourceVersionDate "2021.10.24"]
[SourceQuality "1"]

1. e4 c5 2. Nf3 d6 3. Bb5+ Bd7 4. Bxd7+ Qxd7 5. c4 Nc6 6. Nc3 Nf6 7. d4 cxd4 8. Nxd4 g6 9. f3 Bg7 10. Nde2 0-0 11. 0-0 a6 12. a4 e6 13. Be3 Qc7 14. Rb1 Nd7 15. Qd2 Na5 16. b3 Rac8 17. Qa2 Nc6 18. Rfd1 Rfd8 19. Kh1 Nb4 20. Qd2 Nc5 21. Bg5 Rd7 22. Be3 b6 23. Na2 Nc6 24. Nd4 Ne7 25. Qe2 d5 26. cxd5 exd5 27. b4 Nxa4 28. Qxa6 Qa7 29. b5 Re8 30. exd5 Nxd5 31. Bg1 Nc5 32. Qxa7 Rxa7 33. Nc6 Rxa2 34. Rxd5 Na4 35. Rd7 Nc3 36. Rf1 Bf8 37. f4 Nxb5 38. Ne5 Nd6 39. Bxb6 f6 40. Nf3 Ne4 41. Bg1 Rb8 42. Rc1 Nf2+ 43. Bxf2 Rxf2 44. h3 Re2 45. Ra1 Re4 46. f5 gxf5 47. Kh2 Re7 48. Rd5 Re2 49. Rxf5 Rbb2 50. Rxf6 Be7 51. Rf5 Rxg2+ 52. Kh1 Kg7 53. Rb5 Rge2 54. Rxb2 Rxb2 55. Ra7 Kf6 56. Ra6+ 1/2-1/2

[Event "FICGS class C 000073 email"]
[Site "FICGS email"]
[Date "2009.04.01"]
[Round "1"]
[White "Cirulis, Ilmars"]
[Black "Kal, Izzak"]
[Result "0-1"]
[WhiteElo "1862"]
[BlackElo "1800"]
[PlyCount "56"]
[EventDate "2009.??.??"]
[EventType "tourn (corr)"]
[EventRounds "1"]
[SourceTitle "Corr 2022"]
[Source "ChessBase"]
[SourceDate "2021.10.24"]
[SourceVersion "1"]
[SourceVersionDate "2021.10.24"]
[SourceQuality "1"]

1. f4 d5 2. d4 c5 3. dxc5 e6 4. Be3 Nc6 5. Nf3 Nf6 6. c3 Be7 7. b4 0-0 8. Nbd2 Ng4 9. Bd4 b6 10. g3 a5 11. e3 axb4 12. cxb4 bxc5 13. bxc5 Qa5 14. h3 Nf6 15. Kf2 Ne4+ 16. Kg2 Nxc5 17. Nb3 Qb6 18. Bxc5 Bxc5 19. Nxc5 Qxc5 20. Qd2 Na5 21. Qd4 Qa3 22. Be2 Ba6 23. Bxa6 Rxa6 24. Rhd1 Nc6 25. Qd2 Rb8 26. Qe2 Rb2 27. Rd2 Rxd2 28. Qxd2 h6 0-1